000 00602nam a2200193Ia 4500
003 OSt
005 20250228161216.0
008 210210b2001 xxu||||| |||| 00| 0 eng d
040 _cAL
041 _akan
082 _aK894.4 PUTV
100 _aPUTTAYYA (B M)
_9167659
_dಪುಟ್ಟಯ್ಯ(ಬಿ ಎಂ)
245 _aVaddaradhane samskratika mukamuki:
_bವಡ್ಡಾರಾಧನೆ ಸಾಂಸ್ಕ್ರತಿಕ ಮುಖಾಮುಖಿ
260 _aHampi
_bKannada Vishvavidyalaya
_c2001
300 _a149
690 _aKannada Prose
_9167660
906 _a058319
942 _2ddc
_cBK
999 _c105835
_d105835